[Event "FRA-chT1 0910"]
[Site "France"]
[Date "2009.10.04"]
[Round "1.5"]
[White "Emmenecker, Philippe"]
[Black "Dubois, Jean Marie"]
[Result "1-0"]
[WhiteElo "2163"]
[BlackElo "2248"]
[PlyCount "71"]
[EventDate "2009.09.27"]
[EventType "team-tourn"]
[EventRounds "11"]
[EventCountry "FRA"]
[SourceTitle "EXT 2011"]
[Source "ChessBase"]
[SourceDate "2010.11.26"]
[SourceVersion "1"]
[SourceVersionDate "2010.11.26"]
[SourceQuality "1"]

1. d4 b6 2. e4 Bb7 3. Nd2 e6 4. Ngf3 c5 5. c3 Nf6 6. Bd3 Nc6 7. 0-0 Be7 8. Re1 0-0 9. Nf1 cxd4 10. cxd4 Rc8 11. a3 d6 12. Ng3 Nd7 13. Be3 Re8 14. Rc1 g6 15. b4 Bf6 16. Qd2 Qe7 17. h4 e5 18. d5 Nd4 19. Bxd4 exd4 20. Bb5 Red8 21. Bxd7 Qxd7 22. Nxd4 Bxh4 23. Qf4 Qe7 24. Ndf5 gxf5 25. Nxf5 Bxf2+ 26. Kxf2 Qf6 27. Nh6+ Kg7 28. Qxf6+ Kxf6 29. Ke3 Rd7 30. Rh1 Rdc7 31. Rcf1+ Kg6 32. Nf5 Rc3+ 33. Kf4 h5 34. Ne7+ Kh6 35. Nxc8 Bxc8 36. Rc1 1-0

[Event "FRA-chT2 North 0809"]
[Site "France"]
[Date "2009.03.14"]
[Round "8.3"]
[White "Dubois, Jean Marie"]
[Black "Therkildsen, Thomas"]
[Result "1-0"]
[WhiteElo "2251"]
[BlackElo "2310"]
[PlyCount "93"]
[EventDate "2008.10.19"]
[EventType "team-tourn"]
[EventRounds "11"]
[EventCountry "FRA"]
[SourceTitle "EXT 2010"]
[Source "ChessBase"]
[SourceDate "2010.11.25"]
[SourceVersion "1"]
[SourceVersionDate "2010.11.25"]
[SourceQuality "1"]
[WhiteTeam "Gif sur Yvette"]
[BlackTeam "Le Touquet"]
[WhiteTeamCountry "FRA"]
[BlackTeamCountry "FRA"]

1. f4 g5 2. fxg5 h6 3. g6 fxg6 4. e4 e5 5. Nf3 Nc6 6. Bc4 Bc5 7. b4 Bb6 8. d3 Nf6 9. c3 d6 10. a4 a6 11. a5 Ba7 12. Qe2 Bg4 13. Rf1 Qe7 14. Na3 Nh5 15. Be3 Bxe3 16. Qxe3 Nf4 17. Kf2 g5 18. Kg1 h5 19. Nc2 Bd7 20. Kh1 g4 21. Ng1 Qg7 22. Qd2 Ne7 23. Ne2 Neg6 24. g3 Nxe2 25. Bf7+ Kd8 26. Qxe2 h4 27. Kg1 hxg3 28. hxg3 Rh3 29. Qg2 Nf4 30. gxf4 Qxf7 31. fxe5 Qe7 32. Rae1 Qh4 33. Re3 g3 34. Rf8+ Be8 35. Ne1 Qh6 36. Qf3 Kd7 37. Nc2 c5 38. exd6 Rd8 39. Qf5+ Qe6 40. bxc5 Qxf5 41. exf5 Rh7 42. f6 Rc8 43. d4 Bg6 44. Re7+ Rxe7 45. dxe7 Be8 46. Nb4 Ke6 47. Nd5 1-0

[Event "FRA-chT2 North 0809"]
[Site "France"]
[Date "2009.01.17"]
[Round "5.4"]
[White "Salgado Allaria, Carlos Fernando"]
[Black "Dubois, Jean Marie"]
[Result "1/2-1/2"]
[WhiteElo "2366"]
[BlackElo "2251"]
[PlyCount "96"]
[EventDate "2008.10.19"]
[EventType "team-tourn"]
[EventRounds "11"]
[EventCountry "FRA"]
[SourceTitle "EXT 2010"]
[Source "ChessBase"]
[SourceDate "2010.11.25"]
[SourceVersion "1"]
[SourceVersionDate "2010.11.25"]
[SourceQuality "1"]
[WhiteTeam "Noyon II"]
[BlackTeam "Gif sur Yvette"]
[WhiteTeamCountry "FRA"]
[BlackTeamCountry "FRA"]

1. e4 Nf6 2. e5 Nd5 3. d4 d6 4. c4 Nb6 5. exd6 cxd6 6. Nc3 g6 7. Be3 Bg7 8. Rc1 0-0 9. b3 f5 10. g3 Nc6 11. d5 Ne5 12. Be2 e6 13. f4 Ng4 14. Bxg4 fxg4 15. Nge2 e5 16. 0-0 Qe7 17. Qd2 Bf5 18. Rce1 Nd7 19. fxe5 Nxe5 20. Nd4 Qd7 21. Bf4 Rae8 22. Bxe5 Rxe5 23. Nxf5 Rexf5 24. Ne4 Rxf1+ 25. Rxf1 Rxf1+ 26. Kxf1 Qf5+ 27. Nf2 b6 28. Qd3 Kf7 29. Kg2 h5 30. Qe2 Qe5 31. Qxe5 Bxe5 32. Ne4 Ke7 33. Kf2 Bd4+ 34. Ke2 a5 35. Kf1 Be3 36. Ke1 Bg1 37. Kf1 Be3 38. Kg2 Bd4 39. Kh1 Be3 40. Kg2 Bd4 41. h3 gxh3+ 42. Kxh3 Be3 43. Kg2 Bd4 44. Kf3 Be5 45. Kg2 Bd4 46. Kh3 Be3 47. Kh4 Bc1 48. Kh3 Be3 1/2-1/2

[Event "FRA-chT2 North 0809"]
[Site "France"]
[Date "2008.11.23"]
[Round "3.4"]
[White "Dubois, Jean Marie"]
[Black "Yacob, Francois"]
[Result "1/2-1/2"]
[WhiteElo "2251"]
[BlackElo "2167"]
[PlyCount "41"]
[EventDate "2008.10.19"]
[EventType "team-tourn"]
[EventRounds "11"]
[EventCountry "FRA"]
[SourceTitle "EXT 2010"]
[Source "ChessBase"]
[SourceDate "2010.11.25"]
[SourceVersion "1"]
[SourceVersionDate "2010.11.25"]
[SourceQuality "1"]
[WhiteTeam "Gif sur Yvette"]
[BlackTeam "Cergy Pontoise"]
[WhiteTeamCountry "FRA"]
[BlackTeamCountry "FRA"]

1. f4 Nf6 2. Nf3 c5 3. e3 g6 4. Be2 Bg7 5. 0-0 0-0 6. d3 Nc6 7. e4 d6 8. Nc3 Rb8 9. a4 a6 10. Kh1 b5 11. axb5 axb5 12. Qe1 Nd4 13. Bd1 b4 14. Ne2 Nxe2 15. Bxe2 c4 16. e5 cxd3 17. cxd3 Nd5 18. d4 Qb6 19. Qh4 e6 20. Ng5 h6 21. Nf3 1/2-1/2

[Event "FRA-chT2 North 0809"]
[Site "France"]
[Date "2008.11.22"]
[Round "2.3"]
[White "Dubois, Jean Marie"]
[Black "Cozic, Erwan"]
[Result "1/2-1/2"]
[WhiteElo "2251"]
[BlackElo "2059"]
[PlyCount "86"]
[EventDate "2008.10.19"]
[EventType "team-tourn"]
[EventRounds "11"]
[EventCountry "FRA"]
[SourceTitle "EXT 2010"]
[Source "ChessBase"]
[SourceDate "2010.11.25"]
[SourceVersion "1"]
[SourceVersionDate "2010.11.25"]
[SourceQuality "1"]
[WhiteTeam "Gif sur Yvette"]
[BlackTeam "Gonfreville II"]
[WhiteTeamCountry "FRA"]
[BlackTeamCountry "FRA"]

1. f4 d5 2. Nf3 Nf6 3. g3 c6 4. Bg2 Bg4 5. Ne5 Bf5 6. b3 Nbd7 7. 0-0 e6 8. Bb2 Bd6 9. Nxd7 Qxd7 10. e3 h5 11. h3 0-0-0 12. d3 Rde8 13. Be5 Bc5 14. Qe1 Reg8 15. b4 Bb6 16. Nd2 Ne8 17. Nb3 f6 18. Bd4 Bc7 19. e4 dxe4 20. dxe4 e5 21. exf5 exd4 22. b5 g5 23. fxg6 Rxg6 24. bxc6 bxc6 25. Nc5 Qd6 26. Ne4 Qf8 27. Qe2 Bb6 28. Qc4 f5 29. Ng5 h4 30. gxh4 Rxh4 31. Bxc6 Nc7 32. Bg2 Rxg5 33. Qc6 Rg7 34. Qb7+ Kd8 35. Rae1 Qg8 36. Kh2 Rg3 37. Qc6 Rhxh3+ 38. Bxh3 Rxh3+ 39. Kxh3 Qg4+ 40. Kh2 Qh4+ 41. Kg2 Qg4+ 42. Kh2 Qh4+ 43. Kg2 Qg4+ 1/2-1/2

[Event "FRA-chT2 West 0708"]
[Site "France"]
[Date "2008.01.19"]
[Round "5.2"]
[White "Yacob, Francois"]
[Black "Dubois, Jean Marie"]
[Result "1-0"]
[WhiteElo "2174"]
[BlackElo "2280"]
[PlyCount "113"]
[EventDate "2007.10.21"]
[EventType "team"]
[EventRounds "11"]
[EventCountry "FRA"]
[SourceTitle "EXT 2009"]
[Source "ChessBase"]
[SourceDate "2008.11.26"]
[SourceVersion "1"]
[SourceVersionDate "2008.11.26"]
[SourceQuality "1"]
[WhiteTeam "Cergy Pontoise"]
[BlackTeam "Gif sur Yvette"]
[WhiteTeamCountry "FRA"]
[BlackTeamCountry "FRA"]

1. e4 Nf6 2. e5 Nd5 3. d4 d6 4. c4 Nb6 5. Nf3 g6 6. Be2 Bg7 7. exd6 cxd6 8. 0-0 0-0 9. Be3 Nc6 10. Qd2 Bg4 11. Na3 d5 12. c5 Nc8 13. Rac1 e6 14. h3 Bxf3 15. Bxf3 a6 16. b4 N8e7 17. Nc2 Nf5 18. a4 Nxe3 19. fxe3 Bh6 20. Rb1 Ne7 21. Qc3 Qc7 22. e4 dxe4 23. Bxe4 Rfd8 24. b5 axb5 25. Rxb5 Ra7 26. Qb3 Nd5 27. Rb1 Qd7 28. a5 Bd2 29. Bxd5 exd5 30. Rxb7 Rxb7 31. Qxb7 Bxa5 32. Qxd7 Rxd7 33. Rb5 Bc3 34. Kf2 Re7 35. c6 Rc7 36. Rc5 Bd2 37. Ke2 Bf4 38. Nb4 Bd6 39. Nxd5 Bxc5 40. Nxc7 Bxd4 41. Nb5 Bb6 42. c7 Bxc7 43. Nxc7 f6 44. Ke3 Kf7 45. Ke4 Ke7 46. Kd5 h6 47. Ne6 Kf7 48. Kd6 Ke8 49. Nd4 Kf7 50. Nc6 h5 51. Nd8+ Kg7 52. Ke6 h4 53. Nc6 Kh6 54. Kxf6 Kh5 55. Ne5 g5 56. Kf5 g4 57. hxg4+ 1-0

[Event "FRA-chT2 West 0607"]
[Site "France"]
[Date "2007.03.31"]
[Round "10.3"]
[White "Cairou, Yannick"]
[Black "Dubois, Jean Marie"]
[Result "1/2-1/2"]
[WhiteElo "2124"]
[BlackElo "2242"]
[PlyCount "45"]
[EventDate "2006.10.15"]
[EventType "team"]
[EventRounds "11"]
[EventCountry "FRA"]
[SourceTitle "EXT 2008"]
[Source "ChessBase"]
[SourceDate "2007.11.25"]
[SourceVersion "1"]
[SourceVersionDate "2007.11.25"]
[SourceQuality "1"]
[WhiteTeam "Le Mans"]
[BlackTeam "Gif sur Yvette"]
[WhiteTeamCountry "FRA"]
[BlackTeamCountry "FRA"]

1. g3 g6 2. Bg2 Bg7 3. Nf3 f5 4. 0-0 Nf6 5. c4 0-0 6. Nc3 c6 7. d3 d6 8. Bd2 Na6 9. Rb1 Nc7 10. b4 e5 11. c5 dxc5 12. Nxe5 cxb4 13. Na4 Nfd5 14. f4 a5 15. e4 Ne7 16. Qc2 Kh8 17. Be3 Nb5 18. Rbd1 Be6 19. Nc5 Qc8 20. Na4 Qe8 21. Nc5 Qc8 22. Na4 Qe8 23. Nc5 1/2-1/2

[Event "Cappelle op 23rd"]
[Site "Cappelle la Grande"]
[Date "2007.03.05"]
[Round "3"]
[White "Dubois, Jean Marie"]
[Black "Nalbandian, Tigran"]
[Result "1-0"]
[WhiteElo "2242"]
[BlackElo "2523"]
[PlyCount "83"]
[EventDate "2007.03.03"]
[EventType "swiss"]
[EventRounds "9"]
[EventCountry "FRA"]
[SourceTitle "CBM 117 Extra"]
[Source "ChessBase"]
[SourceDate "2007.05.09"]
[SourceVersion "1"]
[SourceVersionDate "2007.05.09"]
[SourceQuality "1"]

1. e4 e5 2. Nf3 Nc6 3. Bc4 Nf6 4. d3 Bc5 5. c3 d6 6. b4 Bb6 7. a4 a5 8. b5 Ne7 9. 0-0 0-0 10. Ba3 Ng6 11. Nbd2 Nf4 12. d4 exd4 13. cxd4 Re8 14. Qb3 Be6 15. Rfe1 Qd7 16. Bxe6 Nxe6 17. Bb2 Nf4 18. g3 Qg4 19. Kh1 Nh3 20. Kg2 Nh5 21. Ng1 N5f4+ 22. Kf1 Nxg1 23. gxf4 Qxf4 24. Re3 Nh3 25. Rxh3 Qxd2 26. Rd1 Qf4 27. Rf3 Qxe4 28. Qxf7+ Kh8 29. Rdd3 h6 30. Bc3 Qe6 31. d5 Qxf7 32. Rxf7 Rf8 33. Bxg7+ Kg8 34. Rxf8+ Rxf8 35. Bxf8 Kxf8 36. Rf3+ Kg7 37. Ke2 Bd4 38. Kd3 Be5 39. h3 Bf6 40. Ke4 Be5 41. Kf5 Kf7 42. Re3 1-0

[Event "FRA-chT2 West 0607"]
[Site "France"]
[Date "2007.01.20"]
[Round "5.3"]
[White "Bogdanov, Emil"]
[Black "Dubois, Jean Marie"]
[Result "1-0"]
[WhiteElo "2264"]
[BlackElo "2242"]
[PlyCount "101"]
[EventDate "2006.10.15"]
[EventType "team"]
[EventRounds "11"]
[EventCountry "FRA"]
[SourceTitle "EXT 2008"]
[Source "ChessBase"]
[SourceDate "2007.11.25"]
[SourceVersion "1"]
[SourceVersionDate "2007.11.25"]
[SourceQuality "1"]
[WhiteTeam "Le Vesinet"]
[BlackTeam "Gif sur Yvette"]
[WhiteTeamCountry "FRA"]
[BlackTeamCountry "FRA"]

1. c4 f5 2. Nf3 Nf6 3. g3 g6 4. Bg2 Bg7 5. Nc3 0-0 6. 0-0 d6 7. d4 c6 8. d5 e5 9. dxe6 Bxe6 10. Qd3 Kh8 11. Bf4 d5 12. Rfd1 Na6 13. Ng5 Bg8 14. cxd5 Nb4 15. Qb1 Nbxd5 16. Nxd5 Nxd5 17. Bxd5 cxd5 18. Nf3 Re8 19. Rd2 Re4 20. Qd3 Qe7 21. Rc1 Rc4 22. Rcd1 Rac8 23. Be3 b6 24. Bd4 Bxd4 25. Nxd4 a6 26. Qb3 b5 27. Qf3 Rc1 28. Qf4 Bf7 29. Rd3 Rxd1+ 30. Rxd1 Kg7 31. Rc1 Rxc1+ 32. Qxc1 Qb4 33. e3 Qc4 34. Qd2 b4 35. b3 Qc5 36. h4 h6 37. h5 Kf6 38. hxg6 Bxg6 39. Kg2 Qb6 40. Qc1 Be8 41. Qc8 Bf7 42. Qxf5+ Kg7 43. Qe5+ Kh7 44. Nf5 Qg6 45. Ne7 Qd3 46. Qf4 Be6 47. Qxb4 Qc2 48. Qf4 Kg7 49. Qe5+ Kf7 50. Nxd5 Qc6 51. e4 1-0

[Event "FRA-chT2 West 0607"]
[Site "France"]
[Date "2006.10.14"]
[Round "1.3"]
[White "Cousigne, Frederic"]
[Black "Dubois, Jean Marie"]
[Result "1/2-1/2"]
[WhiteElo "2196"]
[BlackElo "2233"]
[PlyCount "71"]
[EventDate "2006.10.15"]
[EventType "team"]
[EventRounds "11"]
[EventCountry "FRA"]
[SourceTitle "EXT 2008"]
[Source "ChessBase"]
[SourceDate "2007.11.25"]
[SourceVersion "1"]
[SourceVersionDate "2007.11.25"]
[SourceQuality "1"]
[WhiteTeam "Bordeaux ASPOM"]
[BlackTeam "Gif sur Yvette"]
[WhiteTeamCountry "FRA"]
[BlackTeamCountry "FRA"]

1. d4 d5 2. Nf3 Nf6 3. c4 Nc6 4. cxd5 Qxd5 5. Nc3 Qa5 6. Bd2 Bg4 7. e4 Bxf3 8. gxf3 Qb6 9. d5 Nd4 10. e5 Nd7 11. Be3 Nxe5 12. Be2 c5 13. Na4 Qb4+ 14. Bd2 Nexf3+ 15. Bxf3 Nxf3+ 16. Qxf3 Qxa4 17. 0-0 h5 18. h3 Qd7 19. Rac1 Rd8 20. Rxc5 b6 21. Rc6 Qxd5 22. Qxd5 Rxd5 23. Be3 f6 24. Rc7 Rd7 25. Rxd7 Kxd7 26. Rd1+ Kc7 27. Rc1+ Kb7 28. Rd1 Kc7 29. Rc1+ Kb7 30. Rd1 g5 31. Rd8 a5 32. a4 Rg8 33. Kg2 e6 34. Re8 e5 35. Re6 Bc5 36. Bxc5 1/2-1/2

[Event "FRA-chT2B 0506"]
[Site "France"]
[Date "2006.04.01"]
[Round "10.3"]
[White "Dubois, Jean Marie"]
[Black "Theon, Pierre"]
[Result "1-0"]
[WhiteElo "2271"]
[BlackElo "2215"]
[PlyCount "45"]
[EventDate "2005.10.27"]
[EventType "team-tourn"]
[EventRounds "11"]
[EventCountry "FRA"]
[SourceTitle "EXT 2006"]
[Source "ChessBase"]
[SourceDate "2005.11.24"]
[SourceVersion "1"]
[SourceVersionDate "2005.11.24"]
[SourceQuality "1"]
[WhiteTeam "Gif sur Yvette"]
[BlackTeam "Orcher La Tour II"]
[WhiteTeamCountry "FRA"]
[BlackTeamCountry "FRA"]

1. e4 g6 2. d4 Bg7 3. Nc3 d6 4. Be3 a6 5. Qd2 b5 6. f3 Nd7 7. Nh3 Bb7 8. Be2 c5 9. 0-0 cxd4 10. Bxd4 Ngf6 11. a4 b4 12. Nd5 a5 13. Nxf6+ Nxf6 14. Bb5+ Kf8 15. c3 e5 16. Be3 bxc3 17. bxc3 h6 18. c4 Rc8 19. Rad1 Ke7 20. Qf2 Nd7 21. f4 Bxe4 22. fxe5 Nxe5 23. Qh4+ 1-0

[Event "FRA-chT2B 0506"]
[Site "France"]
[Date "2006.01.15"]
[Round "6.2"]
[White "Pile, Richard"]
[Black "Dubois, Jean Marie"]
[Result "1-0"]
[WhiteElo "2268"]
[BlackElo "2271"]
[PlyCount "79"]
[EventDate "2005.10.27"]
[EventType "team-tourn"]
[EventRounds "11"]
[EventCountry "FRA"]
[SourceTitle "EXT 2006"]
[Source "ChessBase"]
[SourceDate "2005.11.24"]
[SourceVersion "1"]
[SourceVersionDate "2005.11.24"]
[SourceQuality "1"]
[WhiteTeam "Paris NAO II"]
[BlackTeam "Gif sur Yvette"]
[WhiteTeamCountry "FRA"]
[BlackTeamCountry "FRA"]

1. e4 d6 2. d4 Nf6 3. Nc3 g6 4. f3 c6 5. Be3 b5 6. Qd2 Bb7 7. a4 b4 8. Nd1 a5 9. c3 Na6 10. Bh6 Bxh6 11. Qxh6 e5 12. Bd3 Nd7 13. Ne2 Qe7 14. 0-0 Qf8 15. Qh3 h5 16. f4 exd4 17. cxd4 0-0-0 18. Rc1 Nc7 19. Ne3 d5 20. e5 Kb8 21. f5 g5 22. f6 Ne6 23. Nf5 c5 24. dxc5 Ndxc5 25. Bb5 d4 26. Rfd1 g4 27. Qh4 d3 28. Neg3 Nb3 29. Rc4 Bd5 30. Ne7 Bxc4 31. Bxc4 Nbd4 32. Ne4 Qe8 33. b3 Ne2+ 34. Kf1 Nc3 35. Qf2 Kb7 36. Nxc3 bxc3 37. Bxd3 Ng5 38. Qc5 Qd7 39. Ba6+ Kxa6 40. Rxd7 1-0

[Event "FRA-chT2S 0203"]
[Site "France"]
[Date "2003.??.??"]
[Round "5.2"]
[White "Dubois, Jean Marie"]
[Black "Houhou, Olivier"]
[Result "1/2-1/2"]
[WhiteElo "2291"]
[BlackElo "2239"]
[PlyCount "115"]
[EventDate "2002.10.??"]
[EventType "team"]
[EventRounds "11"]
[EventCountry "FRA"]
[SourceTitle "EXT 2004"]
[Source "ChessBase"]
[SourceDate "2003.11.25"]
[SourceVersion "1"]
[SourceVersionDate "2003.11.25"]
[SourceQuality "1"]
[WhiteTeam "Maromme"]
[BlackTeam "Issy les Moulineaux"]
[WhiteTeamCountry "FRA"]
[BlackTeamCountry "FRA"]

1. c4 Nf6 2. Nc3 d5 3. cxd5 Nxd5 4. g3 g6 5. Bg2 Nb6 6. Nf3 Bg7 7. 0-0 0-0 8. d3 Nc6 9. Bg5 h6 10. Be3 e5 11. Bc5 Re8 12. Rc1 Bg4 13. Nd2 Qd7 14. Nde4 Nd4 15. Ba3 Rab8 16. Re1 Bh3 17. Nc5 Qc8 18. Bxh3 Qxh3 19. e3 Nf5 20. N5a4 Nd7 21. Ne4 c6 22. b3 Nf6 23. Nxf6+ Bxf6 24. Nc5 Bg7 25. b4 Red8 26. Qe2 Ne7 27. Bb2 Nd5 28. a3 Nf6 29. Rc4 Re8 30. Ne4 Nxe4 31. dxe4 Rbd8 32. Rd1 Qe6 33. Rc2 Bf6 34. Rcd2 Rxd2 35. Rxd2 Rd8 36. Rxd8+ Bxd8 37. Qd3 Be7 38. Qc3 f6 39. Kg2 Kg7 40. h4 b6 41. Bc1 b5 42. Qc2 Qd6 43. f4 c5 44. f5 c4 45. h5 g5 46. Bd2 Qc6 47. g4 a5 48. Bc3 axb4 49. axb4 Qa8 50. Kf3 Qa4 51. Qd2 Qa6 52. Qd5 Kf8 53. Be1 Qb6 54. Ke2 Qb8 55. Qd7 Qb6 56. Bc3 Qd8 57. Qxd8+ Bxd8 58. Kf3 1/2-1/2

[Event "Cappelle op 17th"]
[Site "Cappelle la Grande"]
[Date "2001.02.24"]
[Round "1"]
[White "Dubois, Jean Marie"]
[Black "Sulskis, Sarunas"]
[Result "0-1"]
[WhiteElo "2294"]
[BlackElo "2501"]
[PlyCount "52"]
[EventDate "2001.02.24"]
[EventType "swiss"]
[EventRounds "9"]
[EventCountry "FRA"]
[SourceTitle "CBM 080 Extra"]
[Source "ChessBase"]
[SourceDate "2001.03.08"]
[SourceVersion "1"]
[SourceVersionDate "2001.03.08"]
[SourceQuality "1"]

1. e4 d5 2. exd5 Qxd5 3. Nc3 Qa5 4. d4 Nf6 5. Bc4 Bg4 6. Nge2 Nc6 7. 0-0 0-0-0 8. Bxf7 Nxd4 9. Qxd4 Rxd4 10. Nxd4 e5 11. Nb3 Qb4 12. Be3 a6 13. Nd5 Qd6 14. Nxf6 gxf6 15. f3 Qd7 16. fxg4 Qxf7 17. Rf5 Be7 18. Nd2 Qg6 19. h3 h5 20. Rxh5 Rxh5 21. gxh5 Qxh5 22. Rf1 Qe2 23. Bh6 e4 24. Rf5 e3 25. Nf1 Bc5 26. Rf3 Qxf3 0-1

[Event "FRA-chT1 9495"]
[Site "Montpellier"]
[Date "1994.04.??"]
[Round "13"]
[White "Dubois, Jean Marie"]
[Black "Vaisser, Anatoli"]
[Result "0-1"]
[WhiteElo "2280"]
[BlackElo "2581"]
[PlyCount "58"]
[EventDate "1994.04.??"]
[EventType "team-tourn"]
[EventRounds "16"]
[EventCountry "FRA"]
[SourceTitle "EXT 2015"]
[Source "ChessBase"]
[SourceDate "2014.11.20"]
[SourceVersion "1"]
[SourceVersionDate "2014.11.20"]
[SourceQuality "1"]
[WhiteTeam "Rouen"]
[WhiteTeamCountry "FRA"]

1. e4 e6 2. d4 d5 3. e5 c5 4. c3 Nc6 5. Nf3 Bd7 6. Be2 f6 7. 0-0 fxe5 8. Nxe5 Nxe5 9. dxe5 Bc6 10. f4 g6 11. Nd2 Ne7 12. Nb3 b6 13. Be3 Bg7 14. a4 0-0 15. a5 Nf5 16. Bf2 Bh6 17. g3 g5 18. axb6 axb6 19. Rxa8 Bxa8 20. g4 Ne7 21. fxg5 Bxg5 22. Bg3 Be3+ 23. Kg2 d4+ 24. Kh3 Ng6 25. cxd4 cxd4 26. Bc4 Qg5 27. Rxf8+ Kxf8 28. Qf1+ Nf4+ 29. Bxf4 Bxf4 0-1

[Event "FRA-ch Accession op"]
[Site "Le Perreux"]
[Date "1994.??.??"]
[Round "5"]
[White "Auffret, JY."]
[Black "Dubois, Jean Marie"]
[Result "1/2-1/2"]
[WhiteElo "1720"]
[BlackElo "2305"]
[PlyCount "55"]
[EventDate "1994.??.??"]
[EventType "swiss"]
[EventRounds "7"]
[EventCountry "FRA"]
[SourceTitle "EXT 2004"]
[Source "ChessBase"]
[SourceDate "2003.11.25"]
[SourceVersion "1"]
[SourceVersionDate "2003.11.25"]
[SourceQuality "1"]

1. d4 Nf6 2. c4 c5 3. d5 e6 4. Nc3 exd5 5. cxd5 d6 6. e4 g6 7. Nf3 Bg7 8. Be2 0-0 9. 0-0 Na6 10. Be3 Nc7 11. Rb1 Re8 12. Nd2 b5 13. Nxb5 Nxe4 14. Nxc7 Qxc7 15. Nxe4 Rxe4 16. Qc2 Bf5 17. Bd3 Re5 18. Bxf5 Rxf5 19. Rfd1 Rb8 20. b4 c4 21. b5 c3 22. Rd3 Qc4 23. a4 Rxd5 24. Rxd5 Qxd5 25. Bxa7 Rb7 26. b6 Bd4 27. Rd1 Qe5 28. a5 1/2-1/2

[Event "FRA-ch op FIDE"]
[Site "Paris"]
[Date "1994.??.??"]
[Round "4"]
[White "Dubois, Jean Marie"]
[Black "Jaulin, Marc"]
[Result "1-0"]
[WhiteElo "2305"]
[BlackElo "2240"]
[PlyCount "87"]
[EventDate "1994.??.??"]
[EventType "swiss"]
[EventRounds "9"]
[EventCountry "FRA"]
[SourceTitle "EXT 1998"]
[Source "ChessBase"]
[SourceDate "1997.11.17"]
[SourceVersion "1"]
[SourceVersionDate "1997.11.17"]
[SourceQuality "1"]

1. e4 c5 2. Nc3 Nc6 3. f4 g6 4. Nf3 Bg7 5. Bc4 e6 6. f5 d5 7. exd5 exd5 8. Nxd5 Bxf5 9. 0-0 Nge7 10. Nxe7 Nxe7 11. d3 0-0 12. Qe1 Nc6 13. Bg5 Qd7 14. Qh4 Na5 15. Rae1 Rfe8 16. g4 Nxc4 17. gxf5 Rxe1 18. Qxe1 Re8 19. Qh4 Ne3 20. f6 Bf8 21. Nd2 Ng4 22. Rf4 h5 23. h3 Nh6 24. Re4 Rxe4 25. dxe4 Qd4+ 26. Kg2 Qxb2 27. Qf4 Qd4 28. Bxh6 Bxh6 29. Qxh6 Qxf6 30. Qe3 b6 31. Nf3 Kg7 32. e5 Qe6 33. a3 Qc4 34. Qd3 Qf4 35. Qc3 Kh7 36. Qd2 Qf5 37. Qe2 Kg7 38. Qd3 Qe6 39. Qe4 f5 40. Qe3 Qc4 41. Qd3 Qf4 42. e6 h4 43. Qc3+ Kh7 44. Qe5 1-0

[Event "Cappelle op 10th"]
[Site "Cappelle la Grande"]
[Date "1994.??.??"]
[Round "6"]
[White "Dubois, Jean Marie"]
[Black "Lanka, Zigurds"]
[Result "1/2-1/2"]
[WhiteElo "2290"]
[BlackElo "2535"]
[PlyCount "76"]
[EventDate "1994.02.??"]
[EventType "swiss"]
[EventRounds "9"]
[EventCountry "FRA"]
[SourceTitle "TD"]
[Source "ChessBase"]
[SourceDate "1994.03.01"]
[SourceVersion "1"]
[SourceVersionDate "1994.03.01"]
[SourceQuality "1"]

1. e4 c5 2. d4 cxd4 3. c3 Nf6 4. e5 Nd5 5. Nf3 Nc6 6. Bc4 Nb6 7. Bb3 d6 8. exd6 e6 9. Nxd4 Bxd6 10. Nb5 Bb8 11. Qxd8+ Nxd8 12. Be3 Nd7 13. 0-0 a6 14. Nd4 Ne5 15. Ne2 Ng4 16. Bf4 e5 17. Bd2 0-0 18. Na3 Ba7 19. h3 Nf6 20. Nc2 Bf5 21. Ng3 Bg6 22. Be3 Bxc2 23. Bxc2 Bxe3 24. fxe3 Nc6 25. Rad1 Rad8 26. Rxd8 Rxd8 27. Rd1 Rxd1+ 28. Bxd1 g6 29. Bf3 Nd8 30. c4 Kf8 31. Ne4 Nxe4 32. Bxe4 b6 33. b4 Ke7 34. Bd5 Kd6 35. e4 a5 36. a3 axb4 37. axb4 f5 38. Kf2 fxe4 1/2-1/2

[Event "FRA-chT2 9495"]
[Site "France"]
[Date "1994.??.??"]
[Round "?"]
[White "Dubois, Jean Marie"]
[Black "Markotic, Gordan"]
[Result "1/2-1/2"]
[WhiteElo "2310"]
[BlackElo "2335"]
[PlyCount "83"]
[EventDate "1994.??.??"]
[EventType "team"]
[EventRounds "11"]
[EventCountry "FRA"]
[SourceTitle "EXT 2008"]
[Source "ChessBase"]
[SourceDate "2007.11.25"]
[SourceVersion "1"]
[SourceVersionDate "2007.11.25"]
[SourceQuality "1"]

1. e4 c6 2. d3 d5 3. Nd2 Qc7 4. g3 Nf6 5. Bg2 Bg4 6. Ngf3 Nbd7 7. h3 Bh5 8. Qe2 dxe4 9. Nxe4 Nxe4 10. dxe4 e5 11. 0-0 Be7 12. b3 a5 13. a4 f6 14. Ba3 Bxa3 15. Rxa3 0-0 16. Raa1 Rfd8 17. Rfd1 Bf7 18. Qe3 b5 19. Bf1 b4 20. Rd2 Nf8 21. Rad1 Rxd2 22. Rxd2 c5 23. Bb5 Ne6 24. Rd7 Qc8 25. Qd3 Nd4 26. Nxd4 cxd4 27. Rd6 Qf8 28. Rc6 Rc8 29. Kh2 Qd8 30. Rxc8 Qxc8 31. Ba6 Qc7 32. Kg2 g6 33. g4 Kg7 34. Qd2 Qc3 35. Qe2 Be6 36. Bd3 Kf8 37. f3 Kg7 38. Kg3 Qa1 39. Qf1 Qxf1 40. Bxf1 f5 41. g5 f4+ 42. Kg2 1/2-1/2

[Event "FRA-ch op FIDE"]
[Site "Paris"]
[Date "1994.??.??"]
[Round "8"]
[White "Dubois, Jean Marie"]
[Black "Wallyn, Alexandre"]
[Result "1-0"]
[WhiteElo "2305"]
[BlackElo "2240"]
[PlyCount "41"]
[EventDate "1994.??.??"]
[EventType "swiss"]
[EventRounds "9"]
[EventCountry "FRA"]
[SourceTitle "EXT 1998"]
[Source "ChessBase"]
[SourceDate "1997.11.17"]
[SourceVersion "1"]
[SourceVersionDate "1997.11.17"]
[SourceQuality "1"]

1. e4 d6 2. d4 g6 3. h4 Bg7 4. Be2 Nd7 5. Nc3 c6 6. h5 b5 7. h6 Bf6 8. e5 dxe5 9. d5 b4 10. Ne4 Bb7 11. d6 Qa5 12. Bc4 e6 13. Qf3 Bd8 14. Qh3 Nb6 15. Bxe6 fxe6 16. Qxe6+ Kf8 17. Rh3 Qa4 18. Rf3+ Nf6 19. Rxf6+ Bxf6 20. Qxf6+ Ke8 21. Qe7# 1-0